Bifurcation of planar vector fields and Hilbert's sixteenth problem

Gardado en:
Detalles Bibliográficos
Autor Principal: Roussarie, Robert (Author)
Formato: Libro
Idioma:inglés
Publicado: Basilea Birkhauser 1998
Series:Progress in Mathematics, 164
Subjects:
Tags: Engadir etiqueta
Sen Etiquetas, Sexa o primeiro en etiquetar este rexistro!

MARC

LEADER 00000nam a2200000 a 4500
001 UCG5839
003 CL-VaPUC
008 110324e19980000SZ |||||||||||||||||eng|d
020 |a 3764359005 
082 0 4 |a 515.355  |b ROU  |2 21 
100 0 |a Roussarie, Robert  |e author  |9 555712 
245 1 0 |a Bifurcation of planar vector fields and Hilbert's sixteenth problem 
300 |a 204 p 
942 |c BK 
945 |d 20110324 00:00:00  |a dcastane 
260 |a Basilea  |b Birkhauser  |c 1998 
650 7 |a TEORIA DE LA BIFURCACION  |2 CL-VaPUC  |9 269963 
650 0 |a Soluciones numéricas   |9 379941 
650 0 |a Ecuaciones diferenciales  |9 260083 
650 7 |a ECUACIONES DIFERENCIALES LINEALES  |2 CL-VaPUC  |9 270390 
650 0 |a Ecuaciones diferenciales no lineales   |9 270831 
583 |a last modification  |c 20110324 00:00:00  |k Rodrigo Vera 
490 0 |a Progress in Mathematics, 164 
999 |c 344201  |d 344199 
952 |0 0  |1 0  |4 0  |6 515_355000000000000_ROU_1998  |7 0  |8 A  |9 442046  |a BIBMAT  |b BIBMAT  |d 2019-11-22  |i 4758617  |o 515.355 ROU 1998  |p 4758617  |r 2025-01-07  |w 2019-11-22  |y BK  |k MAT